00646nam a22001932 4500001001100000005001700011008004100028020001700069040001500086245009900101250001400200260003200214300001700246650005800263650006000321700003300381700003500414852000300449000002438820151217154510.0130910s xx 000 0 eng d a8184738292 : aKABUcKABU10aBates' guide to physical examination and history taking /cLynn S. bickley, Peter G. Szilagyi. a11th ed. aNew Delhi :bKluwer,c2013. axxv, 994 p. 0aPhysical examinationvHandbooksxMethods.@0000184439 0aMedical history takingvHandbooksxMethods.@00001844401 aBickley, Lynn S.@00001844411 aSzilagyi, Peter G.@00001844421